Представление документа в формате RUSMARC

ПолеНазваниеЗначение
  Тип записи a
  Библиографический уровень c
001 Контрольный номер RU/SLIB/B/208736969
005 Дата корректировки 20241206164635.8
010 Индекс ISBN __
d Цена 6 000-00
101 Язык документа 0_
a Язык текста rus
200 Заглавие и сведения об ответственности 1_
a Заглавие Волшебная сила воды. Гидротерапия
e Сведения, относящиеся к заглавию сборник
b Общее обозначение материала Текст
210 Выходные данные 1_
a Место издания СПб.
c Издательство Лейла
d Дата издания 1994
215 Физическое описание __
a Объем 380 с.
606 Тематические рубрики __
a Основная рубрика Здравоохранение. Медицинские науки
606 Тематические рубрики __
a Основная рубрика Курортология
610 Ключевые слова 0_
a Ключевые слова гидротерапия
686 Индексы других классификаций __
a Классификационный индекс 53.544; ст53.5
801 Источник записи _0
a Страна RU
b Организация Муниципальное бюджетное учреждение культуры "Централизованная библиотечная система" г. Сургут (Центральная городская библиотека им. А. С. Пушкина)
g Правила каталогизации КиК/Уланова
801 Источник записи _1
a Страна RU
b Организация Муниципальное бюджетное учреждение культуры "Централизованная библиотечная система" г. Сургут (Центральная городская библиотека им. А. С. Пушкина)
g Правила каталогизации КиК/Уланова
852 Данные о местонахождении __
j Шифр хранения 53.544
c Каталожный индекс 53.54
i Авторский знак В 69
p Инвентарный номер 52726
901 Тип документа __
t Тип документа x
903 Характеристики (МАРС) __
a Дата передачи 20090126
969 Тип издания __
a Тип издания сборник
990 Данные о заказе (DOS) __
j Количество экземпляров (DOS) 1